Old or New Testament Figures II Quiz Stats

 Plays Quiz Updated Sep 28, 2017

Challenge
Share
Tweet
Embed
Score 0/20 Timer 01:30
3 Plays Today
Person (O)ld or (N)ew Testament % Correct
Lot???
90.8%
Enoch???
87.5%
Mordecai???
86%
Rahab???
85.9%
Thomas???
84.8%
Naomi???
84.3%
Tamar???
81.6%
Benjamin???
78.8%
Bartholomew???
77.4%
Jesse???
76.5%
Person (O)ld or (N)ew Testament % Correct
Martha???
75.5%
Abigail???
69%
Cornelius???
68.5%
Darius???
67.6%
Nicodemus???
67.5%
Silas???
63%
Zacchaeus???
61.9%
Anna???
60.2%
Tabitha???
49.6%
Sapphira???
48.2%

You're not logged in!

Compare scores with friends on all Sporcle quizzes.
Join for Free
OR
Log In

You Might Also Like...

Show Comments

Extras

Top Quizzes Today


Score Distribution

Your Account Isn't Verified!

In order to create a playlist on Sporcle, you need to verify the email address you used during registration. Go to your Sporcle Settings to finish the process.

Report this User

Report this user for behavior that violates our Community Guidelines.

Details: